Catálogo
 En Linea

O primeiro e o último / (Registro nro. 44031)

Detalles MARC
000 -CABECERA
campo de control de longitud fija 00635nam a2200181 a 4500
001 - NÚMERO DE CONTROL
campo de control 000044542
005 - FECHA Y HORA DE LA ÚLTIMA TRANSACCIÓN
campo de control 20201002045440.0
008 - DATOS DE LONGITUD FIJA--INFORMACIÓN GENERAL
campo de control de longitud fija 140711s2011 bl abc 000 0 spa d
020 ## - NÚMERO INTERNACIONAL ESTÁNDAR DEL LIBRO
Número Internacional Estándar del Libro 9788599719121
040 ## - FUENTE DE LA CATALOGACIÓN
Centro catalogador/agencia de origen DO-SdBNP
Lengua de catalogación spa
Centro/agencia transcriptor BNPHU
082 ## - NÚMERO DE LA CLASIFICACIÓN DECIMAL DEWEY
Número de clasificación xxxx
Número de documento/Ítem xxxx
100 1# - ENTRADA PRINCIPAL--NOMBRE DE PERSONA
Nombre de persona Galland, Adolf
Fechas asociadas al nombre 1912-
9 (RLIN) 72554
240 10 - TÍTULO UNIFORME
Título uniforme Die Ersten und die Letzen
Lenguaje de la obra Español
245 10 - MENCIÓN DE TÍTULO
Título O primeiro e o último /
Mención de responsabilidad, etc. Adolf Galland ; tradução Andréa Pacheco Brandão de Souza Spada.
260 ## - PUBLICACIÓN, DISTRIBUCIÓN, ETC.
Lugar de publicación, distribución, etc. Sao Paulo :
Nombre del editor, distribuidor, etc. C&R editorial,
Fecha de publicación, distribución, etc. 2011.
300 ## - DESCRIPCIÓN FÍSICA
Extensión 552 p. :
Otras características físicas il., mapas, retrs. ;
Dimensiones 23 cm.
700 12 - PUNTO DE ACCESO ADICIONAL--NOMBRE DE PERSONA
Nombre de persona Brandão de Souza Spada, Andréa Pacheco
Término indicativo de función/relación tr.
9 (RLIN) 72555
Existencias
Estado de retiro Estado de pérdida Restricciones de uso No para préstamo Código de colección Localización permanente Ubicación/localización actual Ubicación en estantería Fecha de adquisición Número de inventario Total de préstamos Signatura topográfica completa Código de barras Fecha visto por última vez Precio válido a partir de Tipo de ítem Koha
        Monografías: Libros y Folletos General General Orden iniciada 11.07.2014 LF1   xxxx xxxx 44542-10 25.06.2020 25.06.2020 No se presta

Con tecnología Koha